La exclusión en el marco de las políticas selectivas /

সংরক্ষণ করুন:
গ্রন্থ-পঞ্জীর বিবরন
প্রধান লেখক: Víquez, Roxana
বিন্যাস: পাঠ‍্য
ট্যাগগুলো: ট্যাগ যুক্ত করুন
কোনো ট্যাগ নেই, প্রথমজন হিসাবে ট্যাগ করুন!

MARC

LEADER 00000 a a2200000 04500
001 47735
003
040
100 |a Víquez, Roxana  
245 |a La exclusión en el marco de las políticas selectivas /  |c Roxana Víquez  
773 |g páginas 169-172  
999 |c 30553  |d 30553